Švejk egy derék katona kalandjai a világháborúban második kötet

Bibliographic Details
Main Author: Hašek, Jaroslav, 1883-1923 (Author)
Other Authors: Réz, Ádám, 1926-1978 (Translator), Lada, Josef, 1887-1957 (Illustrator)
Format: Book
Language:Hungarian
Czech
PhysicalDescription:324, [3] s. 8°
Published: Bratislava Szlovákiai Szépirodalmi Könyvkiadó 1956
Edition:Masodik kiadás
Subjects:

MARC

LEADER 00000cam a2200000 a 4500
001 vtls011872708
003 SK-MaSNL
005 20260302092450.0
008 250312s1956 xo 000 f hun
015 |a SNBA1956/05-00664 
035 |a 26F0B15B-27AB-410B-B2EE-1293DD3E0D23 
035 |a urn:nbn:sk:snk-am3id8y 
035 |a urn:nbn:sk:snk-am00e45h 
040 |a SNK  |b slo  |c SNK  |e AACR2 
041 1 |a hun  |h cze 
044 |a xo  |c SK 
080 |a 885.0-3=945.11  |2 1981 
100 1 |a Hašek, Jaroslav,  |d 1883-1923  |4 aut  |9 98754 
240 1 0 |a Osudy dobrého vojaka Švejka za svĕtové války  |l Maďarsky 
245 1 0 |a Švejk  |b egy derék katona kalandjai a világháborúban  |n második kötet  |c Jaroslav Hašek ; [fordította Réz Adám ; illusztrációival Josef Lada] 
250 |a Masodik kiadás 
260 |a Bratislava  |b Szlovákiai Szépirodalmi Könyvkiadó  |c 1956  |e Bratislava  |f Pravda 
300 |a 324, [3] s.  |c 8° 
366 |e 1700+20050 výtl. 
500 |a Preložené z češtiny 
655 7 |a české romány  |2 SNKPH  |9 70600 
700 1 |a Réz, Ádám,  |d 1926-1978  |4 trl  |9 398366 
700 1 |a Lada, Josef,  |d 1887-1957  |4 ill  |9 113536 
852 |a Slovenská národná knižnica 
954 |a beletria cudzojazyčná (svetová)  |2 lita 
958 |a OND 
958 |a TL 
958 |a RK 
958 |a SP 
958 |a SS 
958 |a UP 
958 |a CZ 
958 |a LX 
999 |c 1204821  |d 1206751 
952 |a SNK  |b SNK  |y VYP  |7 0  |p 17A1344716  |o snkSC 8955/2 D1  |i snkKSP 3933/56  |0 0  |1 0  |4 0  |d 2019-06-24  |l 0  |r 2026-02-24 22:54:11  |w 2026-02-24 
952 |a SNK  |b SNK  |y PREZ  |7 0  |p 17A0797974  |o snkSC 8955/2  |i snkKSP 3922/56  |0 0  |1 0  |4 0  |d 2019-06-24  |f 1  |l 0  |r 2025-07-09 00:00:00  |w 2026-02-24